Lille OSC Trivia - Statistics

General Stats
  • This quiz has been taken 143 times
    46 since last reset
  • The average score is 9 of 16
Answer Stats
Question Answer % Correct
Who is Lille’s record sale, joining Arsenal for £72m in 2019? Nicolas Pépé
86%
With which club does Lille contest the Derby du Nord? Lens
81%
Which Lille midfielder won the Ligue 1 Player of the Year in 2011 and 2012? Eden Hazard
79%
What is Lille’s nickname, which translates into English as “The Mastiffs”? Les {Dogues}
74%
What is the name of Lille’s stadium? Stade Pierre-Mauroy
74%
Who is Lille’s record signing, arriving from Gent for £24.3m in 2020? Jonathan David
70%
Who is the current captain of Lille? Benjamin André
65%
Who managed Lille to the Ligue 1 title in the 2020/21 season? Christophe Galtier
63%
Who is the current head coach of Lille? Paulo Fonseca
63%
In 1944, Lille was founded as a merger between which two clubs? Olympique Lillois
53%
Fives
44%
Which Frenchman is Lille’s all-time record goalscorer with 218? Jean Baratte
40%
Who scored the winning goal as Lille beat Paris Saint-Germain 1-0 in the 2011 Coupe de France Final? Ludovic Obraniak
40%
Which Lille player won the 2009/10 Ligue 1 Golden Boot as the club won the league and cup double? Moussa Sow
40%
At which stadium did Lille play from 1975 until 2004? Stade Grimonprez-Jooris
37%
Which Frenchman holds the record for most Lille appearances with 428? Marceau Somerlinck
23%
No matching quizzes found
Score Distribution
Percent of People with Each Score
Percentile by Number Answered
Your Score History
You have not taken this quiz since the last reset